Указ о новои манете (Запись № 9717434)

Подробности
000 -МАРКЕР
контрольное поле 02248nam0a22004811 4500
001 - ИДЕНТИФИКАТОР ЗАПИСИ
контрольное поле RU\NLR\A1\PETRI\521
005 - ИДЕНТИФИКАТОР ВЕРСИИ
контрольное поле 20260406161624.0
035 ## - ДРУГИЕ СИСТЕМНЫЕ НОМЕРА
Идентификатор записи (NLR Aleph) 009685528
100 ## - ДАННЫЕ ОБЩЕЙ ОБРАБОТКИ
Данные общей обработки 20260119 rusy50
101 0# - ЯЗЫК РЕСУРСА
Язык текста, звукозаписи и т.д. русский
102 ## - СТРАНА ПУБЛИКАЦИИ ИЛИ ПРОИЗВОДСТВА
Страна публикации Российская Федерация
135 ## - ПОЛЕ КОДИРОВАННЫХ ДАННЫХ: ЭЛЕКТРОННЫЕ РЕСУРСЫ
Кодированные данные для электронного ресурса crcn 024anaba
200 1# - ЗАГЛАВИЕ И СВЕДЕНИЯ ОБ ОТВЕТСТВЕННОСТИ
Основное заглавие Указ о новои манете
210 ## - ПУБЛИКАЦИЯ, РАСПРОСТРАНЕНИЕ И ДР.
Место издания, распространения и т.д. Печатан в Санктъпитербурге
Дата издания, распространения и т.д. 15 марта 1718
215 ## - ФИЗИЧЕСКАЯ ХАРАКТЕРИСТИКА
Специфическое обозначение материала и объем 1 л.
304 ## - ПРИМЕЧАНИЯ, ОТНОСЯЩИЕСЯ К ЗАГЛАВИЮ И СВЕДЕНИЯМ ОБ ОТВЕТСТВЕННОСТИ
Текст примечания Указ дан Петром I в Преображенском 14 февр. 1718 г.
307 ## - ПРИМЕЧАНИЯ, ОТНОСЯЩИЕСЯ К ФИЗИЧЕСКОМУ ОПИСАНИЮ
Текст примечания Размер набора 91 x 109 мм
316 ## - ПРИМЕЧАНИЯ ОБ ОСОБЕННОСТЯХ ЭКЗЕМПЛЯРА
Текст примечания В экз. РНБ рукоп. запись о том, что в Петербургскую губернскую канцелярию принято 29 печатных листов "24 марта 18 году"; подпись подъячего Астафена Конищева.
Организация и экземпляр, к которому относится поле П-283
321 1# - ПРИМЕЧАНИЯ ОБ ОТДЕЛЬНО ИЗДАННЫХ УКАЗАТЕЛЯХ / РЕФЕРАТАХ / ССЫЛКАХ, ОТРАЖАЮЩИХ КАТАЛОГИЗИРУЕМЫЙ ДОКУМЕНТ
Примечания об указателях, рефератах, ссылках СК 1708-1725 283
325 1# - ПРИМЕЧАНИЕ О КОПИИ
Текст примечания Копия доступна в электронной библиотеке РНБ
518 1# - ЗАГЛАВИЕ В СТАНДАРТНОМ СОВРЕМЕННОМ ПРАВОПИСАНИИ
Основное заглавие, вариант заглавия или унифицированное заглавие Указ о новой монете
620 ## - МЕСТО И ДАТА ПУБЛИКАЦИИ, ИСПОЛНЕНИЯ И Т. Д.
Город Санкт-Петербург
702 #0 - ИМЯ ЛИЦА - ВТОРИЧНАЯ ОТВЕТСТВЕННОСТЬ
Код отношения Подписавшее лицо
Материалы, к которым относится поле rus
Графика поля Кириллица
Начальный элемент ввода Петр
Дополнения к именам, кроме дат император российский
Римские цифры I
Даты 1672-1725
Идентификатор авторитетной/нормативной записи RU\NLR\AUTH\778862
Системный номер авторитетной/нормативной записи 118743
702 #1 - ИМЯ ЛИЦА - ВТОРИЧНАЯ ОТВЕТСТВЕННОСТЬ
Начальный элемент ввода Конищев
Часть имени, кроме начального элемента ввода А.
Расширение инициалов личного имени Астафен
Код отношения Прочие
712 02 - НАИМЕНОВАНИЕ ОРГАНИЗАЦИИ - ВТОРИЧНАЯ ОТВЕТСТВЕННОСТЬ
Начальный элемент ввода Санкт-Петербургская типография
Код отношения Печатник (типограф)
801 #0 - ИСТОЧНИК ЗАПИСИ
Страна Российская Федерация
Организация NLR
Дата составления 20000517
852 ## - МЕСТОНАХОЖДЕНИЕ И ШИФР ХРАНЕНИЯ
Идентификатор организации NLR
Шифр хранения (Call Number) П-283
856 #0 - МЕСТОНАХОЖДЕНИЕ ЭЛЕКТРОННЫХ РЕСУРОВ И ДОСТУП К НИМ
Универсальный идентификатор ресурса (Uniform Resource Identifier) http://vivaldi.nlr.ru/bx000018153/view
856 #1 - МЕСТОНАХОЖДЕНИЕ ЭЛЕКТРОННЫХ РЕСУРОВ И ДОСТУП К НИМ
Универсальный идентификатор ресурса (Uniform Resource Identifier) http://vivaldi.nlr.ru/bx000018153/cover
856 #2 - МЕСТОНАХОЖДЕНИЕ ЭЛЕКТРОННЫХ РЕСУРОВ И ДОСТУП К НИМ
Универсальный идентификатор ресурса (Uniform Resource Identifier) http://vivaldi.nlr.ru/bx000018153/text
901 ## - ДАННЫЕ ОБ ОБЪЕКТЕ ОЦИФРОВКИ
-- Книжные издания
942 ## - ДОПОЛНИТЕЛЬНЫЕ ЭЛЕМЕНТЫ ЗАПИСИ (АБИС)
Тип экземпляра АБИС Книга
980 ## - КОЛЛЕКЦИЯ
Название коллекции Национальная библиография
980 3# - КОЛЛЕКЦИЯ
Название коллекции
980 3# - КОЛЛЕКЦИЯ
Название коллекции
980 ## - КОЛЛЕКЦИЯ
Название коллекции Русская книга гражданской печати XVIII в. в библиотеках РФ
980 ## - КОЛЛЕКЦИЯ
Название коллекции Петровская книга
981 16 - КОЛЛЕКЦИЯ ЭЛЕКТРОННОЙ БИБЛИОТЕКИ
Название коллекции Законодательные акты Российской империи
981 20 - КОЛЛЕКЦИЯ ЭЛЕКТРОННОЙ БИБЛИОТЕКИ
Название коллекции Книжные памятники РНБ
Название подколлекции Отдел редких книг

Нет доступных экземпляров.